Toán cao cấp : Toán 2
保存先:
| 第一著者: | |
|---|---|
| フォーマット: | 図書 |
| 言語: | Undetermined |
| 出版事項: |
Thành phố Hồ Chí Minh
Nxb. Đại học Quốc gia Thành phố Hồ Chí Minh
2002
|
| 主題: | |
| タグ: |
タグ追加
タグなし, このレコードへの初めてのタグを付けませんか!
|
| Thư viện lưu trữ: | Trung tâm Học liệu Trường Đại học Cần Thơ |
|---|
| LEADER | 00687nam a2200217Ia 4500 | ||
|---|---|---|---|
| 001 | CTU_56939 | ||
| 008 | 210402s9999 xx 000 0 und d | ||
| 020 | |c 17000 | ||
| 082 | |a 515 | ||
| 082 | |b Kh107 | ||
| 100 | |a Đỗ, Công Khanh | ||
| 245 | 0 | |a Toán cao cấp : | |
| 245 | 0 | |b Toán 2 | |
| 245 | 0 | |c Đỗ Công Khanh | |
| 260 | |a Thành phố Hồ Chí Minh | ||
| 260 | |b Nxb. Đại học Quốc gia Thành phố Hồ Chí Minh | ||
| 260 | |c 2002 | ||
| 650 | |a Algebras, Linear,Advanced mathematics | ||
| 650 | |x Textbooks | ||
| 904 | |i Huỳnh Mai, sử dụng số 515 cho cả bộ | ||
| 980 | |a Trung tâm Học liệu Trường Đại học Cần Thơ | ||